000 01261nam a2200325 c 4500
003 BLK
005 20180422094941.0
008 180413b bul|||||r ||||||| ||bul||
010 _aKNG00020453000
020 _a954-17-0159-0
_bиздат.: Калпазанов
040 _aBLK
041 _aBUL
_cBUL
080 _aАмериканска литература (на САЩ)
_b821.111(73)
_x-312.4
_z821.111(73)-312.4
100 1 _aРаян, Джордж
_eпърви автор
_9262801
700 1 _aДолчинков, Николай
_eпрев. от англ.
_9363961
139 _aРаян, Джордж
_bР 43
245 1 0 _aСкорост 2
_bПрофесионалисти
_cДжордж Раян; прев. от англ. Николай Долчинков.
257 _aUSA
260 Габрово
_bКалпазанов
_c1997
_fВ. Търново : Абагар
300 _a187 с.
_c20 см
380 _aX
500 _aОриг. загл. Speed 2. Cruise Control / George Ryan.
653 _aтрилъри
653 _aромани
852 _aЦб 194107
856 4 _qpdf
_u
856 4 _qpdf
_u
942 _cKNG
_n0
944 _aCR
_c15.01.2003
_lф /
_kГеновева_Генчева
944 _aED
_c07.12.2017
_lф /
_kЛюдмила_Стоянова
999 _c18402
_d18402